[Event "Goldmoney Asian Rapid"]
[Site "chess24.com INT"]
[Date "2021.06.28"]
[EventDate "2021.06.26"]
[Round "14.7"]
[Result "1-0"]
[White "Alireza Firouzja"]
[Black "Peter Svidler"]
[WhiteElo "2759"]
[BlackElo "2714"]
[PlyCount "92"]

1. Nf3 c5 2. e4 d6 3. d4 cxd4 4. Nxd4 Nf6 5. Nc3 a6 6. h3 e6 7. g4 Be7 8. g5
Nfd7 9. Bg2 Nc6 10. h4 O-O 11. b3 Qb6 12. Nxc6 bxc6 13. Na4 Qc7 14. Bb2 e5 15.
Qd2 f6 16. Bf1 f5 17. Bc4+ Kh8 18. f3 fxe4 19. fxe4 Nb6 20. Nxb6 Qxb6 21. O-O-O
Bg4 22. Rde1 Rf2 23. Qe3 Qxe3+ 24. Rxe3 Bh5 25. Bc3 h6 26. Kb2 hxg5 27. hxg5 g6
28. Be1 Rff8 29. Be2 Kg7 30. Bxh5 gxh5 31. Rxh5 Rh8 32. Rxh8 Rxh8 33. b4 Bxg5
34. Rc3 Rh1 35. Bf2 d5 36. exd5 cxd5 37. a4 d4 38. Rc7+ Kg6 39. b5 axb5 40. axb5
Kf5 41. b6 Rh6 42. b7 Rb6+ 43. Ka3 Rb1 44. Be1 Bd8 45. Rd7 Ke6 46. Bb4 1-0

[Event "Goldmoney Asian Rapid"]
[Site "chess24.com INT"]
[Date "2021.06.28"]
[EventDate "2021.06.26"]
[Round "15.3"]
[Result "0-1"]
[White "A R Saleh Salem"]
[Black "Alireza Firouzja"]
[WhiteElo "2682"]
[BlackElo "2759"]
[PlyCount "118"]

1. d4 Nf6 2. Nf3 g6 3. g3 Bg7 4. Bg2 O-O 5. O-O d6 6. c4 Ne4 7. Nc3 Nxc3 8. bxc3
Nc6 9. e4 Na5 10. h4 c5 11. h5 cxd4 12. cxd4 Bg4 13. h6 Bh8 14. Qd3 Rc8 15. Rb1
Bxf3 16. Bxf3 b6 17. Be3 Nxc4 18. Bg5 Qd7 19. Rfc1 Na5 20. d5 Nb7 21. Qd1 Rxc1
22. Rxc1 Nc5 23. a4 Bf6 24. Be3 Nxa4 25. Bg4 Qb5 26. Be2 Qe8 27. Rc7 Qb8 28. Qc2
Nc5 29. Rc6 Qb7 30. g4 Qd7 31. g5 Be5 32. Kg2 e6 33. Bg4 Qb7 34. f4 exd5 35.
exd5 Bh8 36. Bf2 Qe7 37. Qe2 Qb7 38. Rxd6 Qc7 39. Rc6 Qxf4 40. Be3 Qe5 41. Qf3
Ne4 42. Bf4 Qxd5 43. Rc2 Qd4 44. Be3 Qe5 45. Bf4 Nxg5 46. Qf2 Qe4+ 47. Kg3 Be5
48. Re2 Bxf4+ 49. Qxf4 Qxf4+ 50. Kxf4 Ne6+ 51. Bxe6 fxe6+ 52. Ke5 Kf7 53. Rc2
Re8 54. Rc7+ Re7 55. Rc8 g5 56. Rh8 Kg6 57. Rg8+ Kxh6 58. Kf6 Rc7 59. Rg6+ hxg6 0-1

[Event "FIDE World Cup 2021"]
[Site "Krasnaya Polyana (Sochi) RUS"]
[Date "2021.07.15"]
[EventDate "2021.07.12"]
[Round "2.1"]
[Result "1/2-1/2"]
[White "Alireza Firouzja"]
[Black "Javokhir Sindarov"]
[WhiteElo "2759"]
[BlackElo "2558"]
[PlyCount "88"]

1. Nf3 Nf6 2. c4 c5 3. Nc3 g6 4. e4 Nc6 5. d4 cxd4 6. Nxd4 d6 7. Be2 Nxd4
8. Qxd4 Bg7 9. Be3 O-O 10. Qd2 Be6 11. Rc1 a5 12. O-O a4 13. f3 Nd7 14. Nb5
Qa5 15. Qxa5 Rxa5 16. Nd4 Rc8 17. Rfd1 Nc5 18. Nxe6 Nxe6 19. Rd5 Nc5 20.
Rc2 Ra6 21. g3 Rb6 22. Rdd2 Rb4 23. Kf2 Rc6 24. Bd4 Bxd4+ 25. Rxd4 e5 26.
Rd1 Kf8 27. Ke3 Ne6 28. Rcd2 g5 29. Bf1 Ke7 30. Rb1 Nc5 31. Rc2 Ne6 32. Rf2
Nc7 33. Kd2 Rbb6 34. Bd3 Na6 35. Kc3 Nb4 36. b3 axb3 37. Rxb3 Na6 38. Rfb2
Nc5 39. Rxb6 Na4+ 40. Kd2 Rxb6 41. Rb5 Kf6 42. Bc2 Ra6 43. Rxb7 Nc5 44. Rb2
Ra3 1/2-1/2

[Event "FIDE World Cup 2021"]
[Site "Krasnaya Polyana (Sochi) RUS"]
[Date "2021.07.16"]
[EventDate "2021.07.12"]
[Round "2.2"]
[Result "1/2-1/2"]
[White "Javokhir Sindarov"]
[Black "Alireza Firouzja"]
[WhiteElo "2558"]
[BlackElo "2759"]
[PlyCount "200"]

1. e4 c5 2. Nc3 d6 3. Nf3 Nf6 4. d4 cxd4 5. Nxd4 a6 6. h3 e6 7. g4 Be7 8.
Bg2 Nfd7 9. Be3 Nc6 10. h4 O-O 11. g5 Nde5 12. Qe2 Bd7 13. f4 Nxd4 14. Bxd4
Nc6 15. Be3 Na5 16. O-O-O Rc8 17. Bd4 Nc4 18. f5 e5 19. Bf2 Qa5 20. Rd5 Qb4
21. Nd1 Bd8 22. Qd3 Bb6 23. Rf1 Bxf2 24. Rxf2 b5 25. Qb3 Qe1 26. Qc3 Qg1
27. Qf3 Qe1 28. b3 Bc6 29. Rd3 Na3 30. Rdd2 Rc7 31. Qe3 Qxe3 32. Nxe3 b4
33. f6 Nb5 34. fxg7 Rd8 35. Nf5 Nc3 36. Rxd6 Rxd6 37. Nxd6 Kxg7 38. Rf6
Nxa2+ 39. Kd2 Nc3 40. Bf3 a5 41. Ke3 a4 42. bxa4 Bxa4 43. Bh5 Rd7 44. Nf5+
Kf8 45. Rb6 Rd8 46. Rb7 Bxc2 47. Rxf7+ Kg8 48. Nh6+ Kh8 49. Ra7 Bb3 50. Rb7
Bc4 51. Rxb4 Rd3+ 52. Kf2 Nxe4+ 53. Kg1 Nd6 54. Rb8+ Kg7 55. Rd8 Be6 56.
Bg4 Rg3+ 57. Kf1 Rxg4 58. Rxd6 Rf4+ 59. Kg2 Bc4 60. Kg3 Be2 61. Re6 Bh5 62.
Rxe5 Rf3+ 63. Kg2 Rf8 64. Re7+ Kg6 65. Re6+ Kg7 66. Re3 Kg6 67. Kg3 Bd1 68.
Rd3 Be2 69. Rd2 Bh5 70. Rd6+ Kg7 71. Rd7+ Kg6 72. Ng4 Bxg4 73. Kxg4 h5+ 74.
Kg3 Ra8 75. Rd6+ Kg7 76. Rd4 Ra6 77. Kf4 Kg6 78. Re4 Rb6 79. Ra4 Re6 80.
Rc4 Ra6 81. Ke5 Ra1 82. Rf4 Re1+ 83. Kd6 Kg7 84. Kd5 Kg6 85. Rf6+ Kg7 86.
Rh6 Ra1 87. Rxh5 Ra6 88. Ke4 Rb6 89. Rh6 Rxh6 90. gxh6+ Kxh6 91. Kf4 Kh5
92. Kg3 Kh6 93. Kg4 Kg6 94. h5+ Kh6 95. Kh4 Kg7 96. Kg5 Kh7 97. h6 Kh8 98.
Kg6 Kg8 99. h7+ Kh8 100. Kh6 1/2-1/2

[Event "FIDE World Cup 2021"]
[Site "Krasnaya Polyana (Sochi) RUS"]
[Date "2021.07.17"]
[EventDate "2021.07.12"]
[Round "2.3"]
[Result "1/2-1/2"]
[White "Javokhir Sindarov"]
[Black "Alireza Firouzja"]
[WhiteElo "2558"]
[BlackElo "2759"]
[PlyCount "60"]

1. e4 c6 2. Nc3 d5 3. Nf3 dxe4 4. Nxe4 Nf6 5. Qe2 Nxe4 6. Qxe4 Nd7 7. Bc4 Nf6 8.
Ne5 e6 9. Qe2 b5 10. Bd3 Qc7 11. a4 Bd6 12. Nxc6 b4 13. Nd4 a6 14. Nf5 Bb7 15.
Nxd6+ Qxd6 16. O-O h5 17. Qe3 b3 18. c4 Qc6 19. f3 Ng4 20. Be4 Qxe4 21. Qxe4
Bxe4 22. fxe4 Ne5 23. d4 Nxc4 24. Rf3 Rb8 25. Bf4 Rb4 26. Rc1 Ke7 27. Bg5+ f6
28. Bh4 Rd8 29. Be1 Rxa4 30. Rxb3 1/2-1/2

[Event "FIDE World Cup 2021"]
[Site "Krasnaya Polyana (Sochi) RUS"]
[Date "2021.07.17"]
[EventDate "2021.07.12"]
[Round "2.4"]
[Result "1/2-1/2"]
[White "Alireza Firouzja"]
[Black "Javokhir Sindarov"]
[WhiteElo "2759"]
[BlackElo "2558"]
[PlyCount "98"]

1. d4 Nf6 2. c4 g6 3. Nc3 d5 4. Nf3 Bg7 5. Qb3 dxc4 6. Qxc4 a6 7. Bf4 c6 8. Qb3
O-O 9. e4 b5 10. Be2 Be6 11. Qc2 Bg4 12. Rd1 Nbd7 13. h3 Bxf3 14. Bxf3 Rc8 15.
O-O e6 16. Bg5 Qb6 17. Be3 Qb8 18. Rfe1 Rfe8 19. g4 Nb6 20. Bg2 Nfd7 21. Ne2 Bf8
22. Bf4 Qa7 23. g5 e5 24. dxe5 Nxe5 25. b3 c5 26. Be3 c4 27. Nf4 Bc5 28. Bxc5
Rxc5 29. Qc3 Rcc8 30. Qd4 Qb8 31. bxc4 Rxc4 32. Qe3 Rcc8 33. Nd5 Nxd5 34. exd5
Qd6 35. Qf4 Nc4 36. Rxe8+ Rxe8 37. Qxd6 Nxd6 38. Rc1 a5 39. Rc6 Re1+ 40. Bf1 Nf5
41. Rc5 Ra1 42. Rxb5 Rxa2 43. Bd3 Nd6 44. Rb6 Rd2 45. Rxd6 Rxd3 46. Rd8+ Kg7 47.
Kg2 h5 48. d6 a4 49. Ra8 Rxd6 1/2-1/2

[Event "FIDE World Cup 2021"]
[Site "Krasnaya Polyana (Sochi) RUS"]
[Date "2021.07.17"]
[EventDate "2021.07.12"]
[Round "2.5"]
[Result "0-1"]
[White "Alireza Firouzja"]
[Black "Javokhir Sindarov"]
[WhiteElo "2759"]
[BlackElo "2558"]
[PlyCount "98"]

1. d4 Nf6 2. c4 g6 3. Nc3 Bg7 4. e4 d6 5. Nf3 O-O 6. Be2 c5 7. d5 e6 8. Nd2 Nbd7
9. O-O e5 10. a3 Ne8 11. b4 f5 12. Rb1 Nef6 13. Nb5 Ne8 14. Qc2 b6 15. Nc3 Qe7
16. Bb2 f4 17. Bg4 Nc7 18. Nb5 Nxb5 19. cxb5 Nf6 20. Bxc8 Raxc8 21. Rbc1 Qd7 22.
Qd3 f3 23. Nxf3 Nh5 24. Ng5 Nf4 25. Qd1 Qxb5 26. a4 Qxb4 27. Bc3 Qc4 28. Rc2
Qxa4 29. Bd2 h6 30. Bxf4 hxg5 31. Bxg5 Qxe4 32. Re1 Qf5 33. h4 Bf6 34. Bh6 Rf7
35. g3 Qh5 36. Qc1 Rh7 37. Be3 Bxh4 38. Qd1 Qxd1 39. Rxd1 Bf6 40. Ra1 Rb7 41.
Ra6 Kf7 42. Kg2 Ke7 43. Rca2 Rcc7 44. Bd2 b5 45. Ba5 Rd7 46. f4 b4 47. Re2 Rb5
48. g4 Kf7 49. Rf2 e4 0-1

[Event "FIDE World Cup 2021"]
[Site "Krasnaya Polyana (Sochi) RUS"]
[Date "2021.07.17"]
[EventDate "2021.07.12"]
[Round "2.6"]
[Result "1/2-1/2"]
[White "Javokhir Sindarov"]
[Black "Alireza Firouzja"]
[WhiteElo "2558"]
[BlackElo "2759"]
[PlyCount "104"]

1. e4 c5 2. Nc3 d6 3. Nf3 a6 4. d4 cxd4 5. Nxd4 Nf6 6. h3 Nc6 7. g4 Qb6 8. Nb3
e6 9. Be3 Qc7 10. f4 b5 11. Bg2 Bb7 12. Qe2 Be7 13. g5 Nd7 14. h4 b4 15. Na4 a5
16. Qf2 O-O 17. O-O-O Rab8 18. Qe2 Rfc8 19. f5 exf5 20. exf5 Bf8 21. Bf4 Nce5
22. Bxb7 Qxb7 23. Nd4 Re8 24. Rhe1 Rbc8 25. b3 Ng6 26. Qf2 Nxf4 27. Qxf4 Ne5 28.
Kb1 Rc7 29. f6 g6 30. h5 Qc8 31. hxg6 fxg6 32. Nb6 Qb7 33. Nc4 Rcc8 34. Nxe5
dxe5 35. Rxe5 Rxe5 36. Qxe5 Rc5 37. Qe3 Rd5 38. Re1 Qd7 39. Nf3 Rf5 40. Nh4 Rd5
41. Nf3 Bd6 42. Qe4 Bc5 43. a4 bxa3 44. Ka2 Bb4 45. Re2 Rd1 46. Qc4+ Qd5 47.
Qc8+ Bf8 48. Re8 Qd6 49. Qc4+ Kh8 50. Qc8 Kg8 51. Qc4+ Qd5 52. Qc8 1/2-1/2

[Event "Chessable Masters"]
[Site "chess24.com INT"]
[Date "2021.07.31"]
[EventDate "2021.07.31"]
[Round "1"]
[Result "1/2-1/2"]
[White "Alireza Firouzja"]
[Black "Wesley So"]
[WhiteElo "2759"]
[BlackElo "2772"]
[PlyCount "190"]

1. e4 e5 2. Nf3 Nc6 3. Bb5 Nf6 4. O-O Nxe4 5. Re1 Nd6 6. Nxe5 Be7 7. Bf1
Nf5 8. Nf3 d5 9. d4 O-O 10. c3 Bd6 11. Bd3 Re8 12. g3 Rxe1+ 13. Nxe1 Nce7
14. Nd2 c6 15. Ndf3 f6 16. Ng2 g6 17. Qe2 Ng7 18. Bf4 Bf5 19. Re1 Bxd3 20.
Qxd3 Nef5 21. g4 Ne7 22. Qe3 Kf7 23. h4 Qd7 24. Bxd6 Qxd6 25. Qh6 Kg8 26.
h5 Re8 27. Nfh4 g5 28. Nf3 Nc8 29. Rxe8+ Nxe8 30. Nxg5 Qd7 31. Nf3 Qxg4 32.
Qe3 Ncd6 33. h6 Kf7 34. Nfh4 Qg5 35. Qf4 a5 36. a4 Nc4 37. Qb8 Ncd6 38. Qd8
Qxh6 39. Qd7+ Kf8 40. Kf1 Qg7 41. Qh3 Nc4 42. Nf4 Qf7 43. Ne6+ Kg8 44. Nf5
Kh8 45. Nh6 Qg6 46. Nf4 Qe4 47. Nf7+ Kg7 48. Nd8 Nd2+ 49. Kg1 Qe1+ 50. Kh2
Qxf2+ 51. Qg2+ Qxg2+ 52. Kxg2 Nd6 53. Nfe6+ Kg6 54. Nc5 N2c4 55. b3 Nd2 56.
b4 b6 57. Nd7 b5 58. bxa5 bxa4 59. a6 Nc8 60. Nxc6 a3 61. Nb4 Ne4 62. Na2
h5 63. Nb8 Na7 64. Nd7 Nc8 65. Nb8 Kf5 66. Nc6 Ke6 67. a7 Nb6 68. Ncb4 Nd6
69. Kh3 Nb5 70. Nc2 Kf5 71. c4 Nxa7 72. cxd5 Nb5 73. d6 Kg5 74. Nab4 f5 75.
Kh2 f4 76. Nd5 Nd7 77. Nc7 Nxd6 78. Nxa3 Kg4 79. Nd5 Nf5 80. Nc2 Kf3 81.
Nc3 Nf6 82. d5 Kg4 83. Ne1 h4 84. Nd3 f3 85. Kg1 Kg3 86. Nf2 Nd4 87. Nfe4+
Kf4 88. Nxf6 Ne2+ 89. Kf2 Ke5 90. Ng4+ Kd6 91. Nxe2 fxe2 92. Kxe2 Kxd5 93.
Kf3 h3 94. Kg3 h2 95. Kxh2 1/2-1/2

[Event "Chessable Masters"]
[Site "chess24.com INT"]
[Date "2021.08.03"]
[EventDate "2021.07.31"]
[Round "1.11"]
[Result "1/2-1/2"]
[White "Alireza Firouzja"]
[Black "Le Quang Liem"]
[WhiteElo "2759"]
[BlackElo "2709"]
[PlyCount "112"]

1. e4 e5 2. Nf3 Nc6 3. Bc4 Nf6 4. d3 h6 5. c3 Bc5 6. O-O d6 7. Nbd2 O-O 8. h3
Bb6 9. a4 a5 10. Re1 Ne7 11. Bb3 c6 12. d4 Ng6 13. Bc2 Re8 14. Nf1 d5 15. Nxe5
Nxe5 16. dxe5 Nxe4 17. Bxe4 dxe4 18. Qh5 Qd5 19. Bf4 e3 20. Nxe3 Qe4 21. Bg3 Be6
22. Qh4 Qxh4 23. Bxh4 g5 24. Bg3 Rad8 25. Red1 Rxd1+ 26. Rxd1 Rd8 27. Rxd8+ Bxd8
28. f4 Bb6 29. Bf2 Bxe3 30. Bxe3 gxf4 31. Bxf4 Kh7 32. g4 Bb3 33. Be3 Bxa4 34.
Bb6 Bb3 35. Bxa5 Kg6 36. Kf2 h5 37. gxh5+ Kxh5 38. Kg3 b5 39. Bd8 Be6 40. Bf6
Bd5 41. h4 Be6 42. Kf4 Bd5 43. Ke3 Kg4 44. Kd4 Kh5 45. Kc5 Kg6 46. Kb4 Kh5 47.
b3 Kg6 48. c4 bxc4 49. bxc4 Bf3 50. Kc5 Be2 51. Kxc6 Bxc4 52. Kd6 Be6 53. Ke7
Kh5 54. Kd6 Kg6 55. Ke7 Kh5 56. Kd6 Kg6 1/2-1/2

[Event "Chessable Masters"]
[Site "chess24.com INT"]
[Date "2021.08.03"]
[EventDate "2021.07.31"]
[Round "1.12"]
[Result "1-0"]
[White "Le Quang Liem"]
[Black "Alireza Firouzja"]
[WhiteElo "2709"]
[BlackElo "2759"]
[PlyCount "112"]

1. d4 Nf6 2. Nf3 d5 3. c4 e6 4. g3 Bb4+ 5. Nc3 O-O 6. Bg2 dxc4 7. a3 Be7 8. Ne5
Nc6 9. Bxc6 bxc6 10. Nxc6 Qe8 11. Nxe7+ Qxe7 12. Qa4 c5 13. Qxc4 cxd4 14. Qxd4
e5 15. Qh4 Bb7 16. O-O Qe6 17. e4 h6 18. Be3 Rac8 19. f3 a5 20. Rad1 Rfd8 21. g4
Ba6 22. Rfe1 Bc4 23. Qf2 Bb3 24. Rd2 Nh7 25. Rxd8+ Rxd8 26. Re2 Nf8 27. Rd2 Rc8
28. h4 h5 29. gxh5 f5 30. Qg2 f4 31. Bf2 Qf7 32. Qg5 Re8 33. h6 g6 34. Nb5 Nh7
35. Qg2 Rc8 36. Kh2 Qf6 37. Rd6 Be6 38. Nc3 g5 39. hxg5 Qg6 40. Rxe6 Qxe6 41. g6
Nf6 42. Qg5 Rb8 43. Nd5 Nxd5 44. exd5 Qd6 45. b4 axb4 46. axb4 Ra8 47. Bc5 Qxd5
48. Qg4 e4 49. Be7 Qe5 50. Qg5 Qe6 51. Bf6 Ra2+ 52. Kg1 Kf8 53. g7+ Kg8 54. h7+
Kxh7 55. Qh5+ Kg8 56. Qh8+ 1-0

[Event "Chessable Masters"]
[Site "chess24.com INT"]
[Date "2021.08.03"]
[EventDate "2021.07.31"]
[Round "1.13"]
[Result "1/2-1/2"]
[White "Alireza Firouzja"]
[Black "Le Quang Liem"]
[WhiteElo "2759"]
[BlackElo "2709"]
[PlyCount "132"]

1. e4 e5 2. Nf3 Nc6 3. Bb5 a6 4. Ba4 Nf6 5. O-O Be7 6. Re1 b5 7. Bb3 d6 8. c3
O-O 9. h3 Bb7 10. d3 h6 11. Nbd2 Re8 12. Nf1 Bf8 13. Ne3 Na5 14. Bc2 c5 15. a3
Rc8 16. b4 Nc6 17. Bb3 Nb8 18. Bb2 Nbd7 19. Nh2 Nb6 20. Nhg4 Nh7 21. c4 bxc4 22.
Nxc4 Nxc4 23. Bxc4 h5 24. Ne3 Nf6 25. Qb3 Qd7 26. Rf1 d5 27. exd5 Rcd8 28. Rfe1
Nxd5 29. Nxd5 Bxd5 30. Bxe5 Bxc4 31. dxc4 Qf5 32. Bc7 Rd3 33. Qc2 Rc8 34. Ba5
Rd5 35. Qxf5 Rxf5 36. Rec1 Rf4 37. g3 Re4 38. b5 axb5 39. cxb5 Ra4 40. Bd2 Rb8
41. Rcb1 Bd6 42. Bf4 Bxf4 43. gxf4 Kf8 44. Kf1 Ke7 45. Rb3 c4 46. Re3+ Kf6 47.
Re5 c3 48. Rc5 c2 49. Ke2 Rxf4 50. a4 Re8+ 51. Kf1 Ree4 52. Rxc2 Rxa4 53. Rxa4
Rxa4 54. Rb2 Ra7 55. Ke2 Ke5 56. Ke3 Kd5 57. b6 Rb7 58. Rb5+ Kc6 59. Rxh5 Rxb6
60. Rh7 Kd6 61. Kf4 Rb3 62. h4 Rh3 63. Kg4 Rh1 64. Kg3 Rg1+ 65. Kh2 Rg6 66. Rh5 1/2-1/2

[Event "Chessable Masters"]
[Site "chess24.com INT"]
[Date "2021.08.03"]
[EventDate "2021.07.31"]
[Round "1.14"]
[Result "1-0"]
[White "Le Quang Liem"]
[Black "Alireza Firouzja"]
[WhiteElo "2709"]
[BlackElo "2759"]
[PlyCount "64"]

1. d4 Nf6 2. Nf3 c5 3. d5 b5 4. e4 Nxe4 5. Bd3 Qa5+ 6. Nbd2 Nd6 7. O-O c4 8. Ne4
Nxe4 9. Bxe4 d6 10. Nd4 g6 11. Re1 Bg7 12. Bg5 Qb6 13. c3 O-O 14. Bxe7 Re8 15.
Bf3 Bd7 16. Qd2 Na6 17. Nc6 Nc5 18. Bxd6 Nd3 19. Rxe8+ Rxe8 20. h3 a5 21. a3 h5
22. Bf4 Qc5 23. b4 cxb3 24. Qxd3 Bf5 25. Qf1 b2 26. Rd1 Qxc3 27. d6 Bf6 28. Ne7+
Bxe7 29. Qxb5 Bxd6 30. Qxe8+ Bf8 31. Bd5 Qf6 32. Be5 1-0

[Event "Chessable Masters"]
[Site "chess24.com INT"]
[Date "2021.08.04"]
[EventDate "2021.07.31"]
[Round "1.21"]
[Result "1-0"]
[White "Le Quang Liem"]
[Black "Alireza Firouzja"]
[WhiteElo "2709"]
[BlackElo "2759"]
[PlyCount "142"]

1. d4 Nf6 2. Nf3 g6 3. Nc3 d5 4. Bf4 Bg7 5. Nb5 Na6 6. e3 c6 7. Nc3 Nc7 8. h3
O-O 9. Bd3 Ne6 10. Be5 b6 11. O-O Bb7 12. a4 c5 13. a5 Bc6 14. b3 Bh6 15. Bh2
Bb7 16. a6 Bc6 17. Ne5 Be8 18. Nb5 cxd4 19. exd4 Bf4 20. Bxf4 Nxf4 21. Re1 Nxd3
22. Qxd3 e6 23. c4 Bxb5 24. cxb5 Ne4 25. Rac1 Qh4 26. Re2 Nd6 27. Rc6 Qe7 28.
Rec2 Rfc8 29. Qc3 Rxc6 30. Qxc6 Re8 31. Qd7 Qxd7 32. Nxd7 Kg7 33. Rc7 Nxb5 34.
Rb7 Rc8 35. g4 g5 36. Kg2 Rc7 37. b4 f6 38. Nxb6 axb6 39. a7 Rxb7 40. a8=Q Rf7
41. Qc6 Nxd4 42. Qxb6 Ne2 43. b5 d4 44. Qd6 Rb7 45. b6 Nf4+ 46. Kf1 Nd5 47. Qxe6
Nxb6 48. Qc6 Rd7 49. Qxb6 d3 50. Qc6 Rd4 51. Ke1 d2+ 52. Kd1 Kg6 53. Qc5 Rd8 54.
Qc2+ Kh6 55. Qc7 Rd3 56. Qh2 Kg7 57. h4 gxh4 58. Qxh4 Rd5 59. Qh1 Rd4 60. Qf3 h6
61. Qf5 Rd6 62. Qe4 Rd7 63. f4 Ra7 64. Kxd2 Rd7+ 65. Ke2 Ra7 66. Kf2 Rc7 67. Kg3
Ra7 68. Kh4 Rc7 69. Kh5 Rc5+ 70. f5 Rc7 71. Qe3 1-0

[Event "Chessable Masters"]
[Site "chess24.com INT"]
[Date "2021.08.04"]
[EventDate "2021.07.31"]
[Round "1.22"]
[Result "0-1"]
[White "Alireza Firouzja"]
[Black "Le Quang Liem"]
[WhiteElo "2759"]
[BlackElo "2709"]
[PlyCount "98"]

1. e4 e5 2. Nf3 Nc6 3. Bb5 a6 4. Ba4 Nf6 5. O-O Be7 6. Re1 b5 7. Bb3 d6 8. c3
O-O 9. h3 Bb7 10. d4 Re8 11. a3 h6 12. Ba2 Bf8 13. d5 Ne7 14. b3 c5 15. c4 bxc4
16. bxc4 Ng6 17. Bb3 Bc8 18. Ba4 Bd7 19. Nc3 Rb8 20. Bd2 Nh5 21. g3 Re7 22. Kg2
Qc8 23. Bxd7 Rxd7 24. Nh2 Nf6 25. Qf3 Rb3 26. Nf1 Rdb7 27. Ne3 Ne7 28. h4 h5 29.
Qd1 Qd7 30. Qf3 Ng4 31. Nxg4 Qxg4 32. Qxg4 hxg4 33. Nd1 Rd3 34. Ba5 Rd4 35. Rc1
f5 36. exf5 Nxf5 37. Re2 Rd3 38. Bc3 Rb3 39. Be1 g6 40. Nb2 Rf3 41. Rb1 Rxa3 42.
Nd1 Rfd3 43. Re4 Rd4 44. Re2 Rxc4 45. Rb8 Rc1 46. Nb2 Raa1 47. Kf1 Nd4 48. Re4
Nf3 49. Rxg4 Nh2+ 0-1

[Event "Aimchess US Rapid Prelim"]
[Site "chess24.com INT"]
[Date "2021.08.28"]
[EventDate "2021.08.28"]
[Round "1"]
[Result "1/2-1/2"]
[White "Awonder Liang"]
[Black "Alireza Firouzja"]
[WhiteElo "2587"]
[BlackElo "2759"]
[PlyCount "68"]

1. e4 e5 2. Nf3 Nc6 3. Bb5 a6 4. Ba4 Nf6 5. O-O b5 6. Bb3 Bb7 7. d3 Bc5 8.
Nc3 O-O 9. a4 Na5 10. axb5 Nxb3 11. cxb3 axb5 12. Rxa8 Bxa8 13. Nxe5 b4 14.
Na4 Be7 15. Qc2 c5 16. Be3 d6 17. Nf3 Qb8 18. h3 Qb5 19. Re1 h6 20. Nh4 Re8
21. Nf5 Bf8 22. Bf4 Re6 23. f3 d5 24. e5 d4 25. Bg3 Nh5 26. Bh2 g6 27. Ng3
Nf4 28. Rd1 Nd5 29. Nf1 Bb7 30. Rc1 Ba6 31. Qc4 Qc6 32. Qc2 Qb5 33. Qc4 Qc6
34. Qc2 Qb5 1/2-1/2

[Event "Aimchess US Rapid Prelim"]
[Site "chess24.com INT"]
[Date "2021.08.28"]
[EventDate "2021.08.28"]
[Round "2"]
[Result "1/2-1/2"]
[White "Alireza Firouzja"]
[Black "L Aronian"]
[WhiteElo "2759"]
[BlackElo "2782"]
[PlyCount "88"]

1. e4 e5 2. Nf3 Nf6 3. Nxe5 d6 4. Nf3 Nxe4 5. Nc3 Nxc3 6. dxc3 Be7 7. Be3
O-O 8. Qd2 Nd7 9. O-O-O c6 10. Kb1 d5 11. Bd3 Re8 12. h4 Bc5 13. Bd4 Bxd4
14. cxd4 Nf6 15. Rde1 Ne4 16. Qf4 Qf6 17. Qxf6 Nxf6 18. Ne5 g6 19. Re3 Ng4
20. Nxg4 Bxg4 21. Rhe1 Rxe3 22. Rxe3 Kf8 23. Kc1 Re8 24. Kd2 Rxe3 25. Kxe3
f6 26. Kf4 Bd7 27. b4 b5 28. c3 Kf7 29. g4 h6 30. g5 hxg5+ 31. hxg5 f5 32.
Ke5 Ke7 33. Bc2 a6 34. a4 Bc8 35. a5 Bd7 36. f4 Bc8 37. Bd1 Bd7 38. Be2 Bc8
39. Bf3 Be6 40. Bg2 Bf7 41. Bh1 Bg8 42. Bg2 Bf7 43. Bh1 Bg8 44. Bg2 Bf7
1/2-1/2

[Event "Aimchess US Rapid Prelim"]
[Site "chess24.com INT"]
[Date "2021.08.28"]
[EventDate "2021.08.28"]
[Round "4"]
[Result "1-0"]
[White "Alireza Firouzja"]
[Black "M Carlsen"]
[WhiteElo "2759"]
[BlackElo "2847"]
[PlyCount "70"]

1. e4 d5 2. exd5 Qxd5 3. Nc3 Qa5 4. d4 Nf6 5. Nf3 Bf5 6. Ne5 c6 7. Bc4 e6
8. g4 Bg6 9. h4 Nbd7 10. Nxd7 Nxd7 11. h5 Be4 12. O-O Bd5 13. Nxd5 cxd5 14.
Bd3 Bd6 15. Qf3 O-O-O 16. Be3 g6 17. h6 Rhf8 18. a3 f5 19. c4 e5 20. b4 Qc7
21. c5 Be7 22. Bb5 e4 23. Qh3 f4 24. Bd2 Bg5 25. c6 Nf6 26. cxb7+ Qxb7 27.
Rac1+ Kb8 28. Bc6 Qe7 29. Rc5 e3 30. fxe3 fxe3 31. Be1 Ne4 32. Qh2+ Kc8 33.
Bd7+ Kxd7 34. Rc7+ Ke6 35. Qe5+ 1-0

[Event "Aimchess US Rapid Prelim"]
[Site "chess24.com INT"]
[Date "2021.08.28"]
[EventDate "2021.08.28"]
[Round "5"]
[Result "1/2-1/2"]
[White "W So"]
[Black "Alireza Firouzja"]
[WhiteElo "2772"]
[BlackElo "2759"]
[PlyCount "80"]

1. e4 e5 2. Nf3 Nc6 3. Bc4 Nf6 4. d3 Bc5 5. O-O d6 6. c3 a6 7. Re1 Ba7 8.
a4 O-O 9. h3 h6 10. Nbd2 Re8 11. Nf1 Be6 12. Bxe6 Rxe6 13. b4 d5 14. Qc2
Qd7 15. Be3 Bxe3 16. Nxe3 Ne7 17. c4 dxc4 18. dxc4 Ng6 19. c5 Qc6 20. Rad1
b6 21. Nd5 bxc5 22. b5 axb5 23. axb5 Qb7 24. Qxc5 Nxd5 25. Rxd5 c6 26. bxc6
Rxc6 27. Qe3 Qc7 28. Red1 Rc3 29. R5d3 Rxd3 30. Qxd3 Rc8 31. g3 Qc3 32. Qe2
Nf8 33. Rd5 Qc4 34. Qxc4 Rxc4 35. Rxe5 f6 36. Re8 Kf7 37. Ra8 Rxe4 38. Ra7+
Re7 39. Rxe7+ Kxe7 40. Kf1 Ne6 1/2-1/2

[Event "Aimchess US Rapid Prelim"]
[Site "chess24.com INT"]
[Date "2021.08.29"]
[EventDate "2021.08.28"]
[Round "6"]
[Result "0-1"]
[White "Alireza Firouzja"]
[Black "S Vidit"]
[WhiteElo "2759"]
[BlackElo "2726"]
[PlyCount "58"]

1. e4 e5 2. Nf3 Nc6 3. Bb5 a6 4. Ba4 Nf6 5. O-O Nxe4 6. d4 b5 7. Bb3 d5 8.
dxe5 Be6 9. c3 Bc5 10. Nbd2 O-O 11. Bc2 Nxf2 12. Rxf2 Bxf2+ 13. Kxf2 f6 14.
Nf1 fxe5 15. Kg1 Bg4 16. Ne3 Be6 17. b3 d4 18. Qd3 g6 19. cxd4 Nxd4 20. Bb2
Nxf3+ 21. gxf3 Rxf3 22. Qe2 Qg5+ 23. Ng2 Raf8 24. h4 Qg3 25. Bxe5 Qg4 26.
Re1 Bd5 27. Bd1 Qf5 28. Bd4 Rg3 29. Bc2 Qd7 0-1

[Event "Aimchess US Rapid"]
[Site "chess24.com INT"]
[Date "2021.08.29"]
[EventDate "2021.08.28"]
[Round "7.8"]
[Result "0-1"]
[White "Quang Liem Le"]
[Black "Alireza Firouzja"]
[WhiteElo "2709"]
[BlackElo "2759"]
[PlyCount "56"]

1. d4 Nf6 2. c4 e6 3. Nf3 d5 4. Nc3 Nbd7 5. g3 Be7 6. Bg2 O-O 7. O-O dxc4 8. e4
Rb8 9. a4 a6 10. a5 b5 11. axb6 Nxb6 12. Qe2 Bb7 13. Rd1 Ne8 14. Be3 Bb4 15. d5
exd5 16. Bxb6 cxb6 17. Nxd5 Bxd5 18. exd5 Nd6 19. Rxa6 Re8 20. Qc2 Bc5 21. Raa1
Qf6 22. Re1 b5 23. b3 Ne4 24. Rxe4 Qxa1+ 25. Bf1 Rxe4 26. Qxe4 Qb2 27. Be2 cxb3
28. Ng5 Qc1+ 0-1

[Event "Aimchess US Rapid"]
[Site "chess24.com INT"]
[Date "2021.08.29"]
[EventDate "2021.08.28"]
[Round "8.1"]
[Result "1/2-1/2"]
[White "Jan-Krzysztof Duda"]
[Black "Alireza Firouzja"]
[WhiteElo "2738"]
[BlackElo "2759"]
[PlyCount "116"]

1. d4 Nf6 2. Bf4 g6 3. e3 Bg7 4. Nf3 O-O 5. Be2 d6 6. h3 c5 7. O-O Nc6 8. c3
cxd4 9. cxd4 Qb6 10. Na3 Be6 11. Qd2 Rac8 12. Rfc1 Qb4 13. Nc2 Qxd2 14. Nxd2 Nd5
15. Bg3 Ncb4 16. Nxb4 Nxb4 17. Rxc8 Rxc8 18. a3 Nd5 19. Bd1 f5 20. Bh2 Kf7 21.
Kf1 Nb6 22. Ke2 Nc4 23. Nxc4 Bxc4+ 24. Kd2 Bd5 25. f3 e5 26. dxe5 dxe5 27. Rc1
Rxc1 28. Kxc1 Ke6 29. Bg1 Bc4 30. g4 a6 31. Bf2 e4 32. gxf5+ Kxf5 33. Bc2 Bd5
34. Bh4 g5 35. fxe4+ Bxe4 36. Bxe4+ Kxe4 37. Bxg5 Kd3 38. Kb1 Bf8 39. Ka2 h5 40.
Kb3 Bc5 41. Ka4 b6 42. e4 Bd4 43. b4 Kxe4 44. b5 a5 45. Kb3 Be3 46. Bd8 Kd3 47.
a4 Bd4 48. Bg5 Bc5 49. Bd8 Bg1 50. Bh4 Bd4 51. Bd8 Bf2 52. h4 Be3 53. Be7 Bd4
54. Bd8 Be3 55. Be7 Bg1 56. Bd8 Bf2 57. Be7 Bd4 58. Bd8 Be3 1/2-1/2

[Event "Aimchess US Rapid"]
[Site "chess24.com INT"]
[Date "2021.08.29"]
[EventDate "2021.08.28"]
[Round "9.8"]
[Result "1/2-1/2"]
[White "Alireza Firouzja"]
[Black "Daniel Naroditsky"]
[WhiteElo "2759"]
[BlackElo "2623"]
[PlyCount "86"]

1. e4 e5 2. Nf3 Nc6 3. Bb5 a6 4. Ba4 Nf6 5. O-O Be7 6. Re1 b5 7. Bb3 d6 8. c3
O-O 9. h3 Be6 10. d4 Bxb3 11. axb3 exd4 12. cxd4 d5 13. e5 Ne4 14. Nc3 f5 15.
exf6 Bxf6 16. Nxe4 dxe4 17. Rxe4 Qd5 18. Rf4 a5 19. Be3 Nb4 20. Rc1 c6 21. Nh2
Be7 22. Rxf8+ Rxf8 23. Nf3 Bd6 24. Bd2 Re8 25. Rc3 c5 26. Be3 Nc6 27. Rd3 Nb4
28. Rd2 c4 29. bxc4 bxc4 30. Re2 Nd3 31. b3 Nb4 32. bxc4 Qxc4 33. Qa4 Rc8 34.
Qd7 Rf8 35. Re1 Qd5 36. Ne5 Nd3 37. Bh6 gxh6 38. Qg4+ Kh8 39. Nxd3 Rg8 40. Qe4
Qxe4 41. Rxe4 a4 42. Re6 Rd8 43. Ne5 1/2-1/2